| 000 | 00763cab a2200241 4500 | ||
|---|---|---|---|
| 001 | WB2814-16 | ||
| 008 | 090401t1992 xxu||||| |||| 00| 0 eng d | ||
| 035 | _a(Sirsi) u68950 | ||
| 041 | _aeng | ||
| 245 | _aCost of living | ||
| 260 | _c1992 | ||
| 350 | _a0 | ||
| 490 |
_aTimes _v1 April 1992, 6(10 |
||
| 520 | _aThe pay research company, Reward, maintains that the cost of living has actually fallen because of the drop in house prices and interest rates, but this is mainly balanced out by an increase in the costs of goods and services. | ||
| 650 | _aCOST OF LIVING | ||
| 650 | _aHOUSE PRICES | ||
| 650 | _aHOUSING MARKET | ||
| 650 | _aQUALITY OF LIFE | ||
| 650 | _aREWARD | ||
| 690 | _aECONOMIC AND SOCIAL | ||
| 942 | _n0 | ||
| 948 | _c04/03/1997 | ||
| 999 |
_c43293 _d43293 |
||